书目信息 |
| 题名: |
建筑工程材料与检测
|
|
| 作者: | 曹世晖 , 汪文萍 , 孙明 主编 | |
| 分册: | ||
| 出版信息: | 长沙 中南大学出版社 2015.08 |
|
| 页数: | 294页 | |
| 开本: | 26cm | |
| 丛书名: | 高职高专建筑工程类专业“十二五”规划教材 | |
| 单 册: | ||
| 中图分类: | TU502 | |
| 科图分类: | ||
| 主题词: | 建筑材料--jian zhu cai liao--检测--高等职业教育--教材 | |
| 电子资源: | ||
| ISBN: | 978-7-5487-1882-6 | |
| 000 | 01298nam 2200337 450 | |
| 001 | 0100195318 | |
| 005 | 20201118095750.51 | |
| 010 | @a978-7-5487-1882-6@dCNY42.00 | |
| 100 | @a20151026d2015 em y0chiy50 ea | |
| 101 | 0 | @achi |
| 102 | @aCN@b430000 | |
| 105 | @aak a 000yy | |
| 106 | @ar | |
| 200 | 1 | @a建筑工程材料与检测@Ajian zhu gong cheng cai liao yu jian ce@f曹世晖, 汪文萍, 孙明主编@Fcao shi hui , wang wen ping , sun ming zhu bian |
| 205 | @a第2版 | |
| 210 | @a长沙@c中南大学出版社@d2015.08 | |
| 215 | @a294页@c图@d26cm | |
| 225 | 2 | @a高职高专建筑工程类专业“十二五”规划教材@Agao zhi gao zhuan jian zhu gong cheng lei zhuan ye “ shi er wu ” gui hua jiao cai |
| 320 | @a有书目 (第292-294页) | |
| 330 | @a本书主要内容包括: 绪论、建筑材料的基本性质、气硬性无机胶凝材料、水泥、普通混凝土、建筑砂浆、墙体材料、建筑钢材、建筑功能材料、建筑装饰材料。 | |
| 410 | 0 | @12001 @a高职高专建筑工程类专业“十二五”规划教材 |
| 540 | @a建筑工程材料与检测 | |
| 606 | 0 | @a建筑材料@Ajian zhu cai liao@x检测@x高等职业教育@j教材 |
| 690 | @aTU502@v5 | |
| 701 | 0 | @a曹世晖@Acao shi hui@4主编 |
| 701 | 0 | @a汪文萍@Awang wen ping@4主编 |
| 701 | 0 | @a孙明@Asun ming@4主编 |
| 801 | @aCN | |
| 803 | @a高职 | |
| 901 | @a19 | |
| 905 | @a河南城建学院图书馆@b1274853-5@dTU502@eC142=2@f3 | |
| 建筑工程材料与检测/曹世晖, 汪文萍, 孙明主编.-第2版.-长沙:中南大学出版社,2015.08 |
| 294页:图;26cm.-(高职高专建筑工程类专业“十二五”规划教材) |
| ISBN 978-7-5487-1882-6:CNY42.00 |
| 本书主要内容包括: 绪论、建筑材料的基本性质、气硬性无机胶凝材料、水泥、普通混凝土、建筑砂浆、墙体材料、建筑钢材、建筑功能材料、建筑装饰材料。 |
| ● |
| 相关链接 |
|
|
|
正题名:建筑工程材料与检测
索取号:TU502/C142=2
 
预约/预借
| 序号 | 登录号 | 条形码 | 馆藏地/架位号 | 状态 | 备注 |
| 1 | 1274853 | 212748530 | 建筑库201/201建筑库 5排1列3层/ [索取号:TU502/C142=2] | 在馆 | |
| 2 | 1274854 | 212748547 | 土木与交通工程学院资料室/土木与交通学院资料室 1排1列1层/ [索取号:TU502/C142=2] | 在馆 | |
| 3 | 1274855 | 212748554 | 土木与交通工程学院资料室/土木与交通学院资料室 1排1列1层/ [索取号:TU502/C142=2] | 在馆 |